|
|
|
|
| LEADER |
00986aam a22002538a 4500 |
| 001 |
00040786 |
| 005 |
20180122140106.0 |
| 008 |
120403s2007 ||||||viesd |
| 020 |
# |
# |
|c 52000
|
| 041 |
0 |
# |
|a vie
|
| 082 |
1 |
4 |
|a 324.259 707 5
|b M458S
|
| 100 |
1 |
# |
|e (Đồng chủ biên)
|a Nguyễn, Hùng Hậu
|
| 245 |
1 |
0 |
|a Một số vấn đề triết học trong các văn kiện đại hội XI của Đảng
|c Nguyễn Hùng Hậu; Trần Văn Phòng(Đồng chủ biên)
|
| 260 |
# |
# |
|a Hà Nội
|b Chính trị Quốc gia - Sự thật
|c 2012
|
| 300 |
# |
# |
|a 314tr.
|c 21 cm.
|
| 653 |
# |
# |
|a Triết học
|
| 653 |
# |
# |
|a Đảng cộng sản
|
| 653 |
# |
# |
|a Đại hội XI
|
| 653 |
# |
# |
|a Việt Nam
|
| 653 |
# |
# |
|a Văn kiện
|
| 700 |
1 |
# |
|a Trần Văn Phòng
|e (Đồng chủ biên)
|
| 852 |
# |
# |
|j KD.0023147
|j KM.0024105
|
| 910 |
|
|
|d 22/01/2018
|
| 980 |
# |
# |
|a Trung tâm Học liệu Lê Vũ Hùng, Trường Đại học Đồng Tháp
|